Quizzes
Events
Quiz Creation
Community
Videos
Private Events
Remove Ads
Sign In
Join for FREE
Feedback
Dark Mode
Quiz Categories
Sports
Geography
Music
Movies
Television
Just For Fun
Miscellaneous
History
Literature
Language
Science
Gaming
Entertainment
Religion
Holiday
For Kids
Quiz Lab
Recent
Popular Today
Quiz Kudos Today
Editor Picks
Curator Picks
Quizzes by...
Day
Popularity
Type
Ratings
Length
Year
Community
Subscriptions
Recent Discussions
Orange Saloon
Badges
Playlists
Quests
Create
Leaderboards
Showdown
Live 5
Trivia Bingo
Activity
Puzzle Library
Sporcle Events
Private Events
Virtual Trivia
Globe League
Become a Host
Pub Owners
SporcleCon
Opinionation
Our Games
Videos
Blog
Mobile Apps
Partnerships
Remove Ads and Go Orange
Feedback
Music
Pop Music
The Beatles
Song
Album
Lyrics
Bands
Singers
Artist
Clip
Rock
Rap
Classical
Billboard
Country Music
Kpop
Taylor Swift
Music
Pop Music
The Beatles
Song
Album
Lyrics
Bands
Singers
Artist
Clip
Rock
Rap
Classical
Billboard
Country Music
Kpop
Taylor Swift
Random Quiz
Search Sporcle
×
Quiz Lab
Quiz Lab
Music
Lyrics
Type in answers that appear in a list
Type in answers that appear in a list
Classic
Best Score? Go Orange.
Helloween - 'Judas' lyrics Stats
Can you name the lyrics to 'Judas' by Helloween?
By
djbj
10m
252 Questions
16 Plays
16 Plays
16 Plays
Comments
Comments
Give Quiz Kudos
Give Quiz Kudos
-
- Ratings
hide this ad
Replay
Link that replays current quiz
Next Quiz
Link to next quiz in quiz playlist
You Got
0%
They Got
Avg Score
65%
Avg Friend Score
Upgrade to see
Score Distribution
Jump to the score distribution portion of the page
Score
0/252
Timer
10:00
0
Plays Today
% Correct
I
100%
I
100%
I
100%
I
100%
I
100%
I
100%
I
100%
a
93.8%
the
93.8%
and
93.8%
And
93.8%
in
93.8%
Judas!
93.8%
Judas!
93.8%
in
93.8%
the
93.8%
Judas!
93.8%
a
93.8%
Judas!
93.8%
the
93.8%
and
93.8%
the
93.8%
the
93.8%
the
93.8%
the
93.8%
and
93.8%
In
93.8%
the
93.8%
the
93.8%
the
93.8%
in
93.8%
Judas!
93.8%
Judas!
93.8%
in
93.8%
the
93.8%
Judas!
93.8%
a
93.8%
Judas!
93.8%
the
93.8%
Judas
93.8%
Judas
93.8%
Judas
93.8%
Judas
93.8%
Judas
93.8%
Judas
93.8%
Judas
93.8%
Judas
93.8%
in
93.8%
Judas!
93.8%
Judas!
93.8%
in
93.8%
the
93.8%
Judas!
93.8%
a
93.8%
Judas!
93.8%
the
93.8%
an
87.5%
Sitting
87.5%
government
87.5%
am
87.5%
an
87.5%
Sitting
87.5%
government
87.5%
am
87.5%
an
87.5%
Sitting
87.5%
government
87.5%
am
87.5%
on
81.3%
on
81.3%
You
75%
You
75%
you
75%
That
75%
be
75%
your
75%
You
75%
you
75%
you
75%
you
75%
you
75%
your
75%
Jesus
75%
Christ
75%
% Correct
You
75%
be
75%
You
75%
that
75%
you
75%
you
75%
your
75%
You
75%
You
75%
you
75%
your
75%
Jesus
75%
Christ
75%
You
75%
be
75%
you
75%
You
75%
your
75%
Jesus
75%
Christ
75%
You
75%
be
75%
no
68.8%
see
68.8%
for
68.8%
for
68.8%
see
68.8%
treason
68.8%
eyes!
68.8%
with
68.8%
not
68.8%
one
68.8%
one
68.8%
for
68.8%
for
68.8%
see
68.8%
treason
68.8%
eyes!
68.8%
with
68.8%
not
68.8%
one
68.8%
with
68.8%
for
68.8%
for
68.8%
see
68.8%
treason
68.8%
eyes!
68.8%
with
68.8%
not
68.8%
one
68.8%
say
62.5%
will
62.5%
there
62.5%
will
62.5%
we
62.5%
say
62.5%
say
62.5%
Fight
62.5%
Freedom
62.5%
Fight
62.5%
Ruling
62.5%
iron
62.5%
hand
62.5%
will
62.5%
crucified.
62.5%
right
62.5%
Fight
62.5%
freedom
62.5%
Fight
62.5%
Ruling
62.5%
iron
62.5%
hand
62.5%
will
62.5%
who's
62.5%
crucified!
62.5%
Fight
62.5%
Freedom
62.5%
Fight
62.5%
right
62.5%
Ruling
62.5%
iron
62.5%
hand
62.5%
will
62.5%
who's
62.5%
% Correct
crucified!
62.5%
save
56.3%
world
56.3%
more
56.3%
hunger
56.3%
pain
56.3%
lie
56.3%
Rights
56.3%
is
56.3%
is
56.3%
are
56.3%
pain
56.3%
world
56.3%
are
56.3%
rights
56.3%
Are
56.3%
it
56.3%
us
50%
golden
50%
or
50%
golden
50%
of
50%
us
50%
just
50%
us
50%
deny
50%
us
50%
would
50%
that's
50%
of
50%
only
43.8%
always
43.8%
If
43.8%
keep
43.8%
still
43.8%
keep
43.8%
all
37.5%
bright
37.5%
future
37.5%
But
37.5%
hands
37.5%
But
37.5%
money
37.5%
do
37.5%
all
37.5%
parts
37.5%
But
37.5%
telling
37.5%
you'll
37.5%
human?
37.5%
telling
37.5%
you'll
37.5%
promise
31.3%
take
31.3%
care
31.3%
betray
31.3%
worship
31.3%
economy
31.3%
There's
31.3%
nothing
31.3%
wouldn't
31.3%
don't
31.3%
care
31.3%
economy
31.3%
can't
31.3%
our
25%
Sending
25%
instead
25%
selling
25%
terror
25%
believe
25%
Dealing
25%
evil
25%
survival
18.8%
missiles
18.8%
about
18.8%
life
18.8%
'Cause
18.8%
truth
18.8%
final
18.8%
grand
18.8%
slam
18.8%
payment
12.5%
preparing
12.5%
Quiz Playlist
Details
Report
Send in Message
Add To Playlist
Classic:
Type in answers that appear in a list
Last Updated: Aug 28, 2017
Quiz Scoreboard
CHALLENGE
Sign Up to Join the Scoreboard
Show All
Scores
Hide
Comments
May contain spoilers
Recently Published
Billboard Blitz: Fleetwood Mac
by CooCooCachoo
Music
15s
Presidents Visiting Landmarks
by Hejman
History
7m
An Introduction to Baseball
by treessimontrees
Sports
5m
More to Explore
Quiz From the Vault
Featured Blog Post
Where Did the Easter Bunny Come From?
hide this ad
You Might Also Like...
Tags
Lyrics Quiz
Heavy Metal
Helloween
Power Metal
Today's Top Quizzes in Music
Browse Music
hide this ad
Today's Top Quizzes in Lyrics
Browse Lyrics
Top Contributed Quizzes in Music
1
Taylor Swift All Songs (2024)
2
Guess the Artist- 70s Songs
3
7-to-1: Billboard Hot 100 #1 Hits of 2010s
4
Sorting Albums and Songs
5
Taylor Swift Logic Puzzle
6
KPOP LOGIC QUIZ
7
2010s Album by Cover III
8
One Thing in Common: Music
9
Guess the Taylor Swift song (Mystery Song)
10
Guess The Taylor Swift Lyrics Song #1
Explore More
Trending Topics
Disney
Anime
NBA
Crossword
Marvel
Kpop
Harry Potter
Country
Song
Soccer
Puzzle
The Office
WWE
NFL
Pokémon
hide this ad
More By:
djbj
Quiz
Plays
Rating
Category
Featured
Created
November Rain lyrics
4,716
4.47
Music
Aug 15, 2012
Alice in Chains - 'Would?' lyrics
2,222
5.00
Music
Aug 31, 2012
Alice in Chains - 'Rooster' lyrics
1,796
5.00
Music
Oct 16, 2012
Guns N' Roses - Estranged lyrics
1,236
4.83
Music
Aug 17, 2012
Pantera - 'Cemetery Gates' lyrics
628
4.00
Music
Oct 17, 2012
Go to Creator's Profile
Score Distribution
Quiz Creator Spotlight
djbj
Follow
Send a Message
Quizzes Created
-
Created Quiz Play Count
-
More By This Creator
Popular Quizzes Today
1
Find the US States - No Outlines Minefield
2
Find the Countries of Europe - No Outlines Minefield
3
The Countries of the World
4
Find the US States
5
US States
6
Risky Map Clicking: Biggest States A-Z
7
Popular People in 1961
8
Movies - When Are They Set?
More Music Quizzes
Guess the Taylor Swift Song Based on the Lyrics
Quiz Lab
Trending Quizzes
Risky Map Clicking: Least Populous States A-Z
1-10 Letter G Words
1-10 Letter F Words
Risky Map Clicking: Next State Alphabetically
Risky Map Clicking: Biggest States A-Z
Recently Updated
Leaping Animals
pecheneg
Reality TV Shows (A-Z)
bhenderson79
Rickey Henderson's Hall of Fame Teammates
pecheneg
Champions League XIs: Arsenal
pecheneg
Quick Pick: Celebrities in WWE's Hall of Fame
aduchscher
A-Z Keypad Blitz II
pecheneg
Multiple Oscar Actors
pecheneg
Mystery Phrase Blitz: Oscar 'Best Actors'
pecheneg
F. Scott Fitzgerald Novels
LTH
Pick 3 Villains
ddd62291
Trending Topics
Disney
NBA
Kpop
Harry Potter
Marvel
Anime
Crossword
Puzzle
Soccer
Pokémon
WWE
NFL
Country
Song
The Office
Your Account Isn't Verified!
In order to create a playlist on Sporcle, you need to verify the email address you used during registration. Go to your
Sporcle Settings
to finish the process.
Report this User
Report this user for behavior that violates our
Community Guidelines
.
Details:
Send Report
Go to the Sporcle.com Mobile Site →
Comments